| Tag |
First Indicator |
Second Indicator |
Subfields |
| LEADER |
00000cam a2200000 a 4500 |
| 001 |
in00000034210 |
| 005 |
20151007055234.0 |
| 008 |
860717s1986 gw a b 00110 eng |
| 010 |
|
|
|a 86184337
|
| 020 |
|
|
|a 352808958X (pbk.)
|
| 035 |
|
|
|a (OCoLC)14816593
|
| 035 |
|
|
|9 AAB7669AM
|
| 040 |
|
|
|a DLC
|c DLC
|d m/c
|d TXA
|d UtOrBLW
|
| 049 |
|
|
|a TXAM
|c [A11088961]
|
| 050 |
0 |
0 |
|a QA571
|b .L36 1986
|
| 082 |
0 |
|
|a 516.3/5
|2 19
|
| 100 |
1 |
|
|a Lamotke, Klaus.
|
| 245 |
1 |
0 |
|a Regular solids and isolated singularities /
|c Klaus Lamotke.
|
| 264 |
|
1 |
|a Braunschweig :
|b Vieweg,
|c 1986.
|
| 300 |
|
|
|a ix, 224 pages :
|b illustrations ;
|c 23 cm.
|
| 336 |
|
|
|a text
|b txt
|2 rdacontent
|
| 337 |
|
|
|a unmediated
|b n
|2 rdamedia
|
| 338 |
|
|
|a volume
|b nc
|2 rdacarrier
|
| 490 |
1 |
|
|a Advanced lectures in mathematics
|
| 504 |
|
|
|a Bibliography: pages 219-221.
|
| 500 |
|
|
|a Includes index.
|
| 650 |
|
0 |
|a Singularities (Mathematics)
|
| 650 |
|
0 |
|a Low-dimensional topology.
|
| 650 |
|
0 |
|a Surfaces.
|
| 830 |
|
0 |
|a Advanced lectures in mathematics.
|
| 999 |
|
|
|a MARS
|
| 999 |
f |
f |
|s 32cecd88-08ef-3cce-b31a-ad9cbe7a7a51
|i 2506d1ef-a54f-334d-8d92-90bc763ce53f
|t 0
|
| 952 |
f |
f |
|p ric
|a Texas A&M University
|b Rellis Campus
|c Joint Library Facility
|d Remote Storage
|t 0
|e QA571 .L36 1986
|h Library of Congress classification
|i unmediated -- volume
|m A14811088961
|
| 998 |
f |
f |
|a QA571 .L36 1986
|t 0
|l Remote Storage
|